Liedtext - Ferddich - Flo Mega - Statistiken

Allgemein
  • Dieses Quiz wurde 21 mal gespielt
  • Das Durchschnittsergebnis liegt bei 235 aus 380
Antwortstatistiken
Textquiz % Korrekt
das
100%
die
100%
Du
100%
du
100%
ferddich
100%
Ferddich
100%
den
93%
Ich
93%
ich
93%
'n
93%
sie
93%
So
93%
so
93%
bin
87%
ist
87%
Wir
87%
wir
87%
bis
80%
dass
80%
dein
80%
Deine
80%
deine
80%
Hab'
80%
hab
80%
im
80%
meine
80%
Meine
80%
mit
80%
nicht
80%
sind
80%
Und
80%
und
80%
wie
80%
Wie
80%
an
73%
auf
73%
dich
73%
dir
73%
Ein
73%
ein
73%
eine
73%
mir
73%
'nen
73%
wenn
73%
Wenn
73%
zu
73%
gehe
67%
habe
67%
in
67%
Nur
67%
schon
67%
sein
67%
von
67%
werd'
67%
alle
60%
einem
60%
gehen
60%
kann
60%
mehr
60%
Soll
60%
um
60%
werde
60%
Werde
60%
will
60%
deinen
53%
dem
53%
haben
53%
hast
53%
immer
53%
keine
53%
meinem
53%
viel
53%
wissen
53%
alles
47%
auch
47%
Auge
47%
heut'
47%
kleinen
47%
können
47%
Liebe
47%
mach
47%
mach'
47%
oben
47%
unten
47%
werden
47%
alleine
40%
bleiben
40%
dran
40%
durch
40%
gestern
40%
heute
40%
kommen
40%
Langen
40%
viele
40%
zusammen
40%
bekommen
33%
bleibt
33%
brauch
33%
callst
33%
Darum
33%
dicke
33%
Freunde
33%
glauben
33%
Klamotten
33%
klingelt
33%
Nummer
33%
raus
33%
Teil
33%
Telefon
33%
Typen
33%
weil
33%
Zeiten
33%
zuhause
33%
Alexa
27%
Bauch
27%
beginnen
27%
bestellen
27%
dreh'
27%
dreh
27%
Energie
27%
fehlen
27%
feiern
27%
fest
27%
Festplatte
27%
fliegen
27%
fremdgeh'
27%
Gefühle
27%
gefunden
27%
geglaubt
27%
Geld
27%
guten
27%
Haare
27%
halte
27%
heißen
27%
Helikopter
27%
Kevin
27%
laut
27%
Natascha
27%
nochmal
27%
obwohl
27%
pack'
27%
Pascha
27%
pleite
27%
scheiße
27%
spielen
27%
Sushi
27%
Thema
27%
toppi
27%
überall
27%
verdienen
27%
wischen
27%
zieh
27%
Zugegeben
27%
Bittersüße
20%
drin
20%
fegen
20%
Fotos
20%
Kinderspiele
20%
Neuanfang
20%
panisch
20%
stark
20%
tausende
20%
Tränen
20%
Disc
13%
Flax
13%
Floppi
13%
kipp'
13%
Mandelaugen
13%
Militeil
13%
rein
13%
Reserver
13%
restlichen
13%
schwach
13%
Spüle
13%
Keine übereinstimmenden Quizze gefunden
Verteilung der Resultate
Anzahl Personen mit jedem Resultat
Perzentil nach korrekt beantworteten Fragen
Ihre Resultats-Entwicklung
Sie haben dieses Quiz noch nicht gespielt